Revue sur les études in vitro et les essais cliniques évaluant l’effet des traitements thermaux sur l’inflammation et l’immunomodulation (notice n° 1615740)

détails MARC
000 -LEADER
fixed length control field 00799cam a2200229 4500500
005 - DATE AND TIME OF LATEST TRANSACTION
control field 20260111075721.0
041 ## - LANGUAGE CODE
Language code of text/sound track or separate title fre
042 ## - AUTHENTICATION CODE
Authentication code dc
100 10 - MAIN ENTRY--PERSONAL NAME
Personal name Françon, Alain
Relator term author
245 00 - TITLE STATEMENT
Title Revue sur les études in vitro et les essais cliniques évaluant l’effet des traitements thermaux sur l’inflammation et l’immunomodulation
260 ## - PUBLICATION, DISTRIBUTION, ETC.
Date of publication, distribution, etc. 2021.<br/>
500 ## - GENERAL NOTE
General note 31
690 ## - LOCAL SUBJECT ADDED ENTRY--TOPICAL TERM (OCLC, RLIN)
Topical term or geographic name as entry element balneology
690 ## - LOCAL SUBJECT ADDED ENTRY--TOPICAL TERM (OCLC, RLIN)
Topical term or geographic name as entry element balneotherapy
690 ## - LOCAL SUBJECT ADDED ENTRY--TOPICAL TERM (OCLC, RLIN)
Topical term or geographic name as entry element climatology
690 ## - LOCAL SUBJECT ADDED ENTRY--TOPICAL TERM (OCLC, RLIN)
Topical term or geographic name as entry element crenotherapy
690 ## - LOCAL SUBJECT ADDED ENTRY--TOPICAL TERM (OCLC, RLIN)
Topical term or geographic name as entry element hydrotherapy
690 ## - LOCAL SUBJECT ADDED ENTRY--TOPICAL TERM (OCLC, RLIN)
Topical term or geographic name as entry element mud therapy
690 ## - LOCAL SUBJECT ADDED ENTRY--TOPICAL TERM (OCLC, RLIN)
Topical term or geographic name as entry element spa-therapy
786 0# - DATA SOURCE ENTRY
Note La Presse thermale et climatique | 158 | 1 | 2021-04-17 | p. 347t-368t | 0032-7875
856 41 - ELECTRONIC LOCATION AND ACCESS
Uniform Resource Identifier <a href="https://stm.cairn.info/revue-la-presse-thermale-et-climatique-2021-1-page-347t?lang=fr&redirect-ssocas=7080">https://stm.cairn.info/revue-la-presse-thermale-et-climatique-2021-1-page-347t?lang=fr&redirect-ssocas=7080</a>

Pas d'exemplaire disponible.

PLUDOC

PLUDOC est la plateforme unique et centralisée de gestion des bibliothèques physiques et numériques de Guinée administré par le CEDUST. Elle est la plus grande base de données de ressources documentaires pour les Étudiants, Enseignants chercheurs et Chercheurs de Guinée.

Adresse

627 919 101/664 919 101

25 boulevard du commerce
Kaloum, Conakry, Guinée

Réseaux sociaux

Powered by Netsen Group @ 2025